000 00520nam a2200181Ia 4500
005 20250326142817.0
008 250326s9999 xx 000 0 und d
037 _aTextbook
040 _aFMSL
_beng
_cFMSL
041 _aeng
_2eng
084 _aX.1 M41
_qFMSL
100 _aStephen F H
_9746638
245 0 _aEconomics analysis of producers cooperatives
_cStephen F H
260 _aUnited Kingdom
_bUnited Kingdom, Macmillan
_c1984
300 _a246p
942 _cTB
_hX.1 M41
999 _c1296738
_d1296738